Účtovný systém Ruskej federácie
Charakteristika účtovného systému Ruskej federácie ako najväčšej krajiny sveta so zameraním na právnu úpravu, inštitúcie pôsobiace v krajine, účtovnú závierku a špecifiká účtovníctva.
Guardado en:
| Autor principal: | |
|---|---|
| Formato: | Capítulo de libro |
| Lenguaje: | eslovaco |
| Materias: | |
| Etiquetas: |
Sin Etiquetas, Sea el primero en etiquetar este registro!
|
MARC
| LEADER | 00000naa$a2200000$$$4500 | ||
|---|---|---|---|
| 001 | 0160114 | ||
| 005 | 20240502083354.3 | ||
| 041 | 0 | |a slo | |
| 044 | |a CZ | ||
| 245 | 1 | 0 | |a Účtovný systém Ruskej federácie |c Zuzana Kubaščíková |
| 520 | |a Charakteristika účtovného systému Ruskej federácie ako najväčšej krajiny sveta so zameraním na právnu úpravu, inštitúcie pôsobiace v krajine, účtovnú závierku a špecifiká účtovníctva. | ||
| 610 | 2 | 0 | |a účtovníctvo |
| 610 | 2 | 0 | |a závierka účtovná |
| 610 | 2 | 0 | |a závierka účtovná konsolidovaná |
| 610 | 2 | 0 | |a inštitúcie verejnoprávne |
| 610 | 2 | 0 | |a legislatíva |
| 610 | 2 | 0 | |a Rusko |
| 100 | 1 | |a Kubaščíková, Zuzana, 1982- | |